| 000 | 00617nam a2200217 a 4500 | ||
|---|---|---|---|
| 001 | SSB062377 | ||
| 003 | SISC | ||
| 005 | 20160602114525.0 | ||
| 008 | |||
| 020 | _a9789381421802 | ||
| 050 |
_aG 155.A1 _b.Si64t 2012 |
||
| 100 | _aSinha, Vijay. | ||
| 245 | 0 |
_aTourism planning and management / _cVijay Sinha. |
|
| 250 | _a1st edition. | ||
| 260 |
_aNew Delhi : _bRandom Publications, _c2012. |
||
| 300 |
_a272 pages ; _c23 cm. |
||
| 500 | _aIncludes bibliographical references and index. | ||
| 521 | _aTourism | ||
| 650 | 0 |
_aTourism _xManagement. |
|
| 942 |
_2lcc _cBK _kFOR |
||
| 999 |
_c275948 _d275948 |
||